आचार्य अत्रे प्रतिभा आणि प्रतिमा (Record no. 973366)

MARC details
000 -LEADER
fixed length control field 00433nam a2200133Ia 4500
008 - FIXED-LENGTH DATA ELEMENTS--GENERAL INFORMATION
fixed length control field 151001s9999||||xx |||||||||||||| ||und||
100 ## - MAIN ENTRY--PERSONAL NAME
Personal name अनेक लेखक
245 ## - TITLE STATEMENT
Title आचार्य अत्रे प्रतिभा आणि प्रतिमा
250 ## - EDITION STATEMENT
Edition statement 1
260 ## - PUBLICATION, DISTRIBUTION, ETC. (IMPRINT)
Name of publisher, distributor, etc प्रेस्टीज पब्लिकेशन पुणे
260 ## - PUBLICATION, DISTRIBUTION, ETC. (IMPRINT)
Date of publication, distribution, etc 1997
300 ## - PHYSICAL DESCRIPTION
Extent 702
365 ## - TRADE PRICE
Price amount 25

No items available.